000 00474nam a2200169Ia 4500
008 230711s9999||||xx |||||||||||||| ||und||
020 _a978-1-138-62709-3
041 _aENG
082 _a664.09
_bAR-M
100 _aArvanitoyannis,Loannis S
245 0 _aModified Atmosphere and Active Packaging Technologues
250 _a1st Ed.
260 _c2012
_aNew York
_bCRC Press Taylor & Francis Group
300 _a806p.
650 _aFood Science and Technology
942 _cBK
999 _c7393
_d7393